FC Barcelona Squad 2022-23 - Statistics

General Stats
  • This quiz has been taken 659 times
  • The average score is 20 of 26
Answer Stats
Number Position Answer Nationality % Correct
1 GK Marc Andre Ter Stegen Germany
99%
9 ST Robert Lewandowski Poland
95%
8 CM Pedri Spain
94%
21 CM Frenkie de Jong Netherlands
92%
4 CB Ronald Araujo Uruguay
91%
30 CM Gavi Spain
90%
7 LW/RW Ousmane Dembele France
90%
Coach Ex CM Xavi Hernandez Spain
88%
15 CB Andreas Christensen Denmark
86%
18 LB Jordi Alba Spain
86%
5 CDM Sergio Busquets Spain
86%
23 CB Jules Kounde France
84%
22 RW Raphinha Brazil
84%
28 LB Alejandro Balde Spain
82%
10 LW Ansu Fati Spain
81%
20 CM/RB Sergi Roberto Spain
80%
19 CM Frank Kessie Ivory Coast
77%
11 LW Ferran Torres Spain
75%
14 ST Memphis Depay Netherlands
75%
3 CB Gerard Pique Spain
74%
32 CM Pablo Torre Spain
72%
26 GK Iñaki Peña Spain
67%
24 CB Eric Garcia Spain
65%
17 LB Marcos Alonso Spain
55%
2 RB Hector Bellerin Spain
38%
36 GK Arnau Tenas Spain
37%
No matching quizzes found
Score Distribution
Percent of People with Each Score
Percentile by Number Answered
Your Score History
You have not taken this quiz